Refundacin̤ del constitucionalismo social Reflexiones a los cien aǫs de la Constitucin̤ de Querťaro /

Bibliographic Details
Main Author: Storini, Claudia
Format: eBook
Language:Spanish
Published: Quito: Corporacin̤ Editora Nacional, 2019
Subjects:
Online Access:Acceso restringido

MARC

LEADER 00000nam a22000007a 4500
005 20200422170016.0
007 cr|||| ||||
008 200422s2019 ec |||||s|||| 00||0 spa d
020 |a 978-9942-32-036-0 
035 |a 31377 
040 |a vLex 
090 |c 10335  |d 10335 
100 1 |a Storini, Claudia 
245 1 0 |a Refundacin̤ del constitucionalismo social  |h [Recurso electrn̤ico] :  |b Reflexiones a los cien aǫs de la Constitucin̤ de Querťaro /  |c Claudia Storini 
256 |a Servicio en ln̕ea 
260 |a Quito:  |b Corporacin̤ Editora Nacional,  |c 2019 
300 |a 1 recurso electrn̤ico 
500 |a La Constitucin̤ de Querťaro de 1917 constituye uno de los hitos ms̀ relevantes de la historia del constitucionalismo, al sentar las bases para la construccin̤ ter̤ica que llevar ̀a la configuracin̤ del Estado social. El anl̀isis de la cuestin̤ social, del poder popular y de la intervencin̤ del gobierno en la economa̕ son los elementos que inspiraron los ejes de las primeras tres partes de este libro: organizacin̤ del poder, democracia y poder popular; los derechos en el constitucionalismo social; y constitucin̤ socioeconm̤ica e inclusin̤ social. Las l︢timas dos miran hacia el futuro e incluyen problemt̀icas inherentes a los derechos de la naturaleza, al ejercicio de la resistencia, a los derechos de pueblos y nacionalidades, al pluralismo jurd̕ico y a la interculturalidad. Se trata de un aporte a la construccin̤ de una teora̕ del Derecho constitucional que se basa en el estudio crt̕ico de constituciones con alta capacidad innovadora, que rompen patrones arraigados, emancipadoras de pueblos tradicionalmente oprimidos, y se traduce en la reivindicacin̤ de una constitucionalidad revolucionaria, programt̀ica, social, pluralista, cuya materializacin̤ se plasma en esta obra. Bajo la direccin̤ de Claudia Storini, editora del volumen cuenta con aportes de destacados juristas. 
506 1 |a Disponible solo en los productos indicados  |d vLex Global  |d vLex Global (Academic Edition, excluding Law Schools)  |d vLex Global (U.S. Academic Edition, Law Schools)  |d vLex Global (U.S. Academic Edition, excluding Law Schools)  |d vLex Global (Academic Edition, Law Schools) 
650 0 4 |a Derecho Constitucional  |z Ecuador 
740 0 |a vLex Libros (Servicio en ln̕ea) 
856 4 0 |u http://vlex.com/source/refundacion-del-constitucionalismo-social-reflexiones-a-los-cien-a-os-de-la-constitucion-de-queretaro-31377  |z Acceso restringido 
942 |c BOOK 
999 0 |a Constitutional right